Skalpy. Hlodání /

Hlavní autor: Aaron, Jason, 1973-
Další autoři: Guéra, R. M., 1959-, Kopřiva, Štěpán, 1971-
Jazyk: Čeština
Vydáno: Praha : Crew s.r.o., 2017
Vydání: První vydání
Edice: Světové komiksy česky
Témata:
Fyzický popis: 124 stran : barevné ilustrace ; 26 cm
Knihy
Uloženo v:
LEADER 01659cam a2200481 i 4500
001 nkc20172900525
003 CZ PrNK
005 20210714084808.0
007 ta
008 170328s2017 xr a e 6 000 1 cze d
015 |a cnb002900525 
020 |a 978-80-7449-439-0  |q (brožováno) :  |c Kč 379,00 
035 |a (OCoLC)1263259117 
040 |a KLG001  |b cze  |d KVG001  |d BOA001  |e rda 
041 1 |a cze  |h eng 
072 7 |a 741.52  |x Komiksy. Komiksové adaptace  |2 Konspekt  |9 21 
080 |a 741.52(0:82-32)  |2 MRF 
100 1 |a Aaron, Jason,  |d 1973-  |7 xx0189091  |4 aut 
240 1 0 |a Graving.  |l Česky 
245 1 0 |a Skalpy.  |p Hlodání /  |c Jason Aaron - scénář ; R.M Guéra - kresba ; Štěpán Kopřiva - překlad 
246 3 0 |a Hlodání 
250 |a První vydání 
264 1 |a Praha :  |b Crew s.r.o.,  |c 2017 
300 |a 124 stran :  |b barevné ilustrace ;  |c 26 cm 
336 |a text  |b txt  |2 rdacontent 
336 |a statický obraz  |b sti  |2 rdacontent 
337 |a bez média  |b n  |2 rdamedia 
338 |a svazek  |b nc  |2 rdacarrier 
490 1 |a Světové komiksy česky 
500 |a Přeloženo z angličtiny 
500 |a Na hřbetu označení: 6 
521 8 |a Určeno pro dospělé čtenáře 
655 7 |a komiksy  |7 fd131978  |2 czenas 
655 9 |a comics  |2 eczenas 
700 1 |a Guéra, R. M.,  |d 1959-  |7 xx0189460  |4 ill 
700 1 |a Kopřiva, Štěpán,  |d 1971-  |7 ola2004231504  |4 trl 
830 0 |a Světové komiksy česky  |0 s 
910 2 |a BOA001  |b 3-1435.970 
920 |a 000549641  |z KVG001 
990 |a BK 
995 |a 01 
991 |b 201911  |c NOV 
996 6 |b 2610799435  |c 3-1435.970  |l MZK  |r Sklad / do 1 hodiny  |n 0  |p p.v.  |w 001760567  |u 000010  |a 1  |e BOA001  |j MZK50  |s P